Statistiken für Teuerste Hauptstädte

Klicken Sie hier um das Quiz zu spielen!

Allgemein

  • Dieses Quiz wurde 2,376 mal gespielt
  • Das Durchschnittsergebnis liegt bei 12 aus 20

Antwortstatistiken

Preisindex Stadt % Korrekt
193Paris
93%
222London
91%
218Washington D.C.
85%
224Oslo
83%
180Stockholm
82%
175Tokio
79%
214Bern
77%
175Helsinki
73%
191Kopenhagen
71%
185Amsterdam
65%
178Canberra
59%
192Singapur
58%
201Dublin
56%
180Luxemburg
50%
240Reykjavík
48%
185Wellington
42%
159Abu Dhabi
39%
181Doha
25%
169Jerusalem
21%
220Luanda
11%

Verteilung der Resultate

Perzentil nach korrekt beantworteten Fragen

Anzahl Personen mit jedem Resultat

Ihre Resultats-Entwicklung

Sie haben dieses Quiz noch nicht gespielt